| Tag |
First Indicator |
Second Indicator |
Subfields |
| LEADER |
00000cam a2200000 4500 |
| 001 |
in00000035534 |
| 005 |
20151007060827.0 |
| 008 |
700821s1950 nyua b 00110 eng |
| 010 |
|
|
|a 51009313
|
| 035 |
|
|
|a (OCoLC)00722214
|
| 035 |
|
|
|9 AAD0299AM
|
| 040 |
|
|
|a DLC
|c DLC
|d TXA
|d UtOrBLW
|
| 049 |
|
|
|a TXAM
|c 2 [251354]
|
| 050 |
0 |
0 |
|a GV745
|b .B6
|
| 082 |
0 |
|
|a 796.078
|
| 092 |
|
|
|a 796.078
|b B775s
|
| 100 |
1 |
|
|a Bourquardez, Virginia.
|
| 245 |
1 |
0 |
|a Sports equipment ;
|b selection, care and repair /
|c [by] Virginia Bourquardez [and] Charles Heilman.
|
| 264 |
|
1 |
|a New York :
|b Barnes,
|c 1950.
|
| 300 |
|
|
|a xxi, 358 pages :
|b illustrations ;
|c 22 cm.
|
| 336 |
|
|
|a text
|b txt
|2 rdacontent
|
| 337 |
|
|
|a unmediated
|b n
|2 rdamedia
|
| 338 |
|
|
|a volume
|b nc
|2 rdacarrier
|
| 504 |
|
|
|a Bibliography: pages 345-350.
|
| 650 |
|
0 |
|a Sporting goods.
|
| 700 |
1 |
|
|a Heilman, Charles.
|
| 999 |
|
|
|a MARS
|
| 999 |
f |
f |
|s 117daff2-910e-3093-8323-c7709f576964
|i 8fb04bad-fc73-3fdd-bc31-2eb4822ea0b8
|t 0
|
| 952 |
f |
f |
|p ric
|a Texas A&M University
|b Rellis Campus
|c Joint Library Facility
|d Remote Storage
|t 0
|e GV745 .B6
|h Library of Congress classification
|i unmediated -- volume
|m A14801183515
|
| 998 |
f |
f |
|a GV745 .B6
|t 0
|l Remote Storage
|